Sahithyavum rashtreeyavum/ (Record no. 141379)

000 -LEADER
fixed length control field 00429nam a22001577a 4500
020 ## - INTERNATIONAL STANDARD BOOK NUMBER
International Standard Book Number 9788184232950
082 ## - DEWEY DECIMAL CLASSIFICATION NUMBER
Classification number M4
Item number SUK/S
100 ## - MAIN ENTRY--PERSONAL NAME
Personal name Sukumar Azheekode
9 (RLIN) 150625
245 ## - TITLE STATEMENT
Title Sahithyavum rashtreeyavum/
Statement of responsibility, etc. by Sukumar Azheekode
260 ## - PUBLICATION, DISTRIBUTION, ETC.
Place of publication, distribution, etc. Thrissur:
Name of publisher, distributor, etc. Green Books,
Date of publication, distribution, etc. 2014.
300 ## - PHYSICAL DESCRIPTION
Extent 152p.
650 ## - SUBJECT ADDED ENTRY--TOPICAL TERM
Topical term or geographic name entry element Essays Malayalam
9 (RLIN) 150626
650 ## - SUBJECT ADDED ENTRY--TOPICAL TERM
Topical term or geographic name entry element Literature Malayalam
9 (RLIN) 150627
650 ## - SUBJECT ADDED ENTRY--TOPICAL TERM
Topical term or geographic name entry element Literature
9 (RLIN) 150628
942 ## - ADDED ENTRY ELEMENTS (KOHA)
Koha item type Book
Holdings
Withdrawn status Lost status Damaged status Not for loan Permanent Location Current Location Shelving location Date acquired Cost, normal purchase price Total Checkouts Full call number Barcode Date last seen Date last checked out Price effective from Koha item type
        Sree Sankaracharya University of Sanskrit Sree Sankaracharya University of Sanskrit Stacks 10.04.2019 135.00 1 M4 SUK/S 094272 22.07.2022 15.07.2022 10.04.2019 Book